| 000 | 01487cam a2200361 a 4500 | ||
|---|---|---|---|
| 001 | 14970969 | ||
| 005 | 20150914151027.0 | ||
| 008 | 070817s2008 enka b 001 0 eng | ||
| 010 | _a 2007034515 | ||
| 015 |
_aGBA786600 _2bnb |
||
| 016 | 7 |
_a014200197 _2Uk |
|
| 020 | _a9780826492777 (hbk.) | ||
| 020 | _a0826492770 (hbk.) | ||
| 020 | _a9780826492784 (pbk.) | ||
| 020 | _a0826492789 (pbk.) | ||
| 035 | _a(OCoLC)ocn156830938 | ||
| 035 |
_a(OCoLC)156830938 _z(OCoLC)156830939 |
||
| 040 |
_aDLC _cDLC _dBTCTA _dBAKER _dUKM _dYDXCP _dBWKUK _dBWK _dBWX _dDLC |
||
| 050 | 0 | 0 |
_aBF173.F85 _bS795 2008 |
| 082 | 0 | 0 |
_a150.19/52092 _222 |
| 100 | 1 |
_aSurprenant, Céline, _d1961- _919115 |
|
| 245 | 1 | 0 |
_aFreud : _ba guide for the perplexed / _cCéline Surprenant. |
| 260 |
_aLondon ; _aNew York : _bContinuum, _c2008. |
||
| 300 |
_aviii, 184 p. : _bill. ; _c20 cm. |
||
| 490 | 1 | _aContinuum guides for the perplexed | |
| 504 | _aIncludes bibliographical references (p. 160-176) and index. | ||
| 505 | 0 | _aThe psychoanalytic cure -- Juxtaposition of stories and mechanisms -- Dreams -- Affect and representation -- Metapsychology and economics. | |
| 600 | 1 | 0 |
_aFreud, Sigmund, _d1856-1939. _919116 |
| 830 | 0 |
_aGuides for the perplexed. _911161 |
|
| 906 |
_a7 _bcbc _corignew _d1 _eecip _f20 _gy-gencatlg |
||
| 942 |
_2lcc _cMONOGRAPH |
||
| 999 |
_c123170 _d123170 |
||